000 00475nam a2200193Ia 4500
008 160803s9999 xx 000 0 und d
020 _a9780590763707
100 _aTwain, Mark
245 4 _aThe celebrated jumping frog and other stories /
245 _cMark Twain.
260 _aNew York :
260 _bScholastic Inc.
260 _c1997
300 _a86 pages ;
300 _c18 cm.
440 _aApple classics.
650 _aShort stories.
700 _a1000
999 _c298789
_d298789